LIBRARY & INFORMATION CENTRE, KCAET, TAVANUR

ONLINE PUBLIC ACCESS CATALOGUE (OPAC)

Syllabus for the job and refresher training (Record no. 5747)

MARC details
000 -LEADER
fixed length control field 00373cam a2200145ua 4500
041 ## - LANGUAGE CODE
Language code of text/sound track or separate title eng
082 ## - DEWEY DECIMAL CLASSIFICATION NUMBER
Classification number 375
Item number
100 ## - MAIN ENTRY--AUTHOR NAME
Personal name Ministry of community devt, .
245 00 - TITLE STATEMENT
Title Syllabus for the job and refresher training
260 ## - PUBLICATION, DISTRIBUTION, ETC. (IMPRINT)
Place of publication :
Name of publisher Ministry of community development and co-operation ,
Year of publication 1961.
300 ## - PHYSICAL DESCRIPTION
Number of Pages 27 ; .
942 ## - ADDED ENTRY ELEMENTS (KOHA)
Koha item type Books
Holdings
Withdrawn status Lost status Damaged status Home library Current library Date acquired Full call number Accession Number Koha item type
Withdrawn     KAUAET Malayalam University 07/04/2012 375 5870 Books
free website counter